[Event "British Chess Championships 2023: AM Tournament U1900"]
[Site "The Venue, De Montfort University, 20 Western Boulevard, Leicester, LE2 7BU"]
[Date "2023.07.27"]
[Round "4"]
[Board "5"]
[White "Page, Martin C"]
[Black "Macqueen, Andrew"]
[Result "0-1"]
[WhiteElo "1821"]
[BlackElo "1759"]
[PlyCount "0"]
[EventDate "2023.07.24"]
[EventRounds "6"]
[EventCountry "ENG"]

1. d4 c5 2. e4 cxd4 3. Nf3 d6 4. Qxd4 Nc6 5. Bb5 Bd7 6. Bxc6 Bxc6 7. Nc3 Nf6 8. Bg5
e5 9. Qd3 Be7 10. O-O-O Ng4 11. Bxe7 Qxe7 12. Qe2 O-O 13. h3 Nf6 14. Kb1 Rac8 15.
Rhe1 b5 16. Rd2 a6 17. Nh2 Rfd8 18. Nf1 Qb7 19. Ng3 b4 20. Nd5 Bxd5 21. exd5 Rc5
22. Nf5 g6 23. Ne3 Ne4 24. Ka1 Nxd2 25. Qxd2 Rdc8 26. Kb1 a5 27. Qd3 a4 28. g4 Qc7
29. Rf1 b3 30. axb3 axb3 31. c4 Rb8 32. f4 Qa5 33. Kc1 Qa1+ 34. Qb1 Qxb1+ 35. Kxb1
exf4 36. Rxf4 Re8 37. Nd1 g5 38. Rd4 Re1 39. Kc1 Rh1 40. Kd2 Rxh3 41. Ne3 Rc8 42.
Re4 h5 43. Kd3 h4 44. Kd4 Rh2 45. Nf5 Rd8 46. Kc3 Rh3+ 47. Ne3 Kf8 48. Kd4 Re8 49.
Nf5 Rd8 50. Ne3 Rh1 51. Nf5 h3 52. Re3 h2 53. Ng3 Rd1+ 54. Kc3 Rg1 55. Kd4  0-1

[Event "British Chess Championships 2023: AM Tournament U1900"]
[Site "The Venue, De Montfort University, 20 Western Boulevard, Leicester, LE2 7BU"]
[Date "2023.07.27"]
[Round "4"]
[Board "6"]
[White "Berkley, Stephen W"]
[Black "Murrell, Mark R A"]
[Result "0-1"]
[WhiteElo "1742"]
[BlackElo "1800"]
[PlyCount "0"]
[EventDate "2023.07.24"]
[EventRounds "6"]
[EventCountry "ENG"]

1. e4 c5 2. Nf3 e6 3. c3 d5 4. e5 f5 5. d4 cxd4 6. cxd4 Ne7 7. Na3 Ng6 8. Nc2 Be7
9. h4 O-O 10. h5 Nh8 11. Be2 Nf7 12. Bd2 Ng5 13. Nxg5 Bxg5 14. Qc1 h6 15. Bxg5 Qxg5
16. Qxg5 hxg5 17. O-O-O Nc6 18. Rh3 Kh7 19. Kb1 Bd7 20. Rb3 Rab8 21. Nb4 Nxb4 22.
Rxb4 Kh6 23. Rh1 b5 24. Rb3 b4 25. Rc1 Ba4 26. Rh3 Rbc8 27. Rhh1 g4 28. Ba6 Rxc1+
29. Rxc1 Rf7 30. b3 Be8 31. Rc8 Re7 32. Rb8 Bxh5 33. Rxb4 f4 34. Rb8 Bg6+ 35. Kb2
Rc7 36. Rc8 Rf7 37. Rc3 Be4 38. Be2 f3 39. gxf3 gxf3 40. Bf1 Kg5 41. Bh3 Re7 42.
Bf1 Kf4 43. b4 Bg6 44. a4 Be8 45. b5 g5  0-1

[Event "British Chess Championships 2023: AM Tournament U1900"]
[Site "The Venue, De Montfort University, 20 Western Boulevard, Leicester, LE2 7BU"]
[Date "2023.07.27"]
[Round "4"]
[Board "7"]
[White "Willoughby, Andrew P"]
[Black "Gonzales, Ceferino"]
[Result "0-1"]
[WhiteElo "1797"]
[BlackElo "1758"]
[PlyCount "0"]
[EventDate "2023.07.24"]
[EventRounds "6"]
[EventCountry "ENG"]

1. d4 d5 2. e4 dxe4 3. Nc3 Bf5 4. f3 e3 5. Bxe3 Nf6 6. Bc4 e6 7. a3 Nd5 8. Nxd5 exd5
9. Bd3 Qd7 10. Ne2 Be7 11. Ng3 Bh4 12. Qe2 Bxd3 13. Qxd3 O-O 14. O-O-O Nc6 15. Nf5
Bf6 16. h4 Na5 17. Bg5 Bd8 18. Rde1 Re8 19. Bxd8 Raxd8 20. h5 Rxe1+ 21. Rxe1 Re8
22. Rg1 Nc4 23. g4 Qe6 24. Kb1 g6 25. hxg6 fxg6 26. Nh6+ Kg7 27. Nf5+ Kf8 28. Nh6
Qb6 29. b4 Re3 30. Qf1 Nd2+  0-1

[Event "British Chess Championships 2023: AM Tournament U1900"]
[Site "The Venue, De Montfort University, 20 Western Boulevard, Leicester, LE2 7BU"]
[Date "2023.07.27"]
[Round "4"]
[Board "8"]
[White "Westcott, Dale"]
[Black "Acharya, Kandara"]
[Result "1-0"]
[WhiteElo "1676"]
[BlackElo "1783"]
[PlyCount "0"]
[EventDate "2023.07.24"]
[EventRounds "6"]
[EventCountry "ENG"]

1. d4 Nf6 2. c4 g6 3. Nc3 Bg7 4. e4 d6 5. Nf3 O-O 6. Be2 Nbd7 7. O-O Qe8 8. Be3 e5
9. h3 a6 10. Qd2 exd4 11. Bxd4 Nxe4 12. Nxe4 Qxe4 13. Bxg7 Kxg7 14. Rfe1 Qf5 15.
Rad1 Qf6 16. Nh2 Ne5 17. f4 Nc6 18. Bg4 h5 19. f5 Qd4+ 20. Qxd4+ Nxd4 21. f6+ Kxf6
22. Bxc8 Nc2 23. Re2 Raxc8 24. Rxc2 Rcd8 25. Rf2+ Kg7 26. Nf3 Rfe8 27. Re1 Rxe1+
28. Nxe1 Re8 29. Kf1 Re4 30. b3 b5 31. Re2 Rf4+ 32. Rf2 Re4 33. cxb5 axb5 34. Rc2
c5 35. Kf2 Kf6 36. Nf3 g5 37. Rd2 Re6 38. Re2 b4 39. Rxe6+ fxe6 40. Ke3 Kf5 41. Ne1
h4 42. Nd3 e5 43. Nf2 d5 44. Nd3 d4+ 45. Kf2 e4 46. Nxc5 e3+ 47. Kf3 Ke5 48. Nd3+
Kd5 49. Nxb4+ Kc5 50. Nd3+ Kb5 51. a4+ Ka5 52. Ke4  1-0

[Event "British Chess Championships 2023: AM Tournament U1900"]
[Site "The Venue, De Montfort University, 20 Western Boulevard, Leicester, LE2 7BU"]
[Date "2023.07.27"]
[Round "4"]
[Board "9"]
[White "Mottram, Paul"]
[Black "Whittington, Reece W"]
[Result "1-0"]
[WhiteElo "1642"]
[BlackElo "1766"]
[PlyCount "0"]
[EventDate "2023.07.24"]
[EventRounds "6"]
[EventCountry "ENG"]

1. d4 Nf6 2. c4 g6 3. Nc3 d6 4. e4 Bg7 5. h3 O-O 6. Bg5 Nbd7 7. Bd3 c5 8. d5 Ne5
9. Be2 Qa5 10. Bd2 a6 11. f4 Ned7 12. Nf3 Qc7 13. O-O Nb6 14. Bd3 e6 15. e5 Ne8 16.
Qe2 f5 17. Rae1 Qf7 18. Ng5 Qe7 19. Kh1 h6 20. exd6 Nxd6 21. Nf3 Re8 22. b3 Nf7 23.
g4 e5 24. gxf5 gxf5 25. Nxe5 Qc7 26. Qh5 Rxe5 27. fxe5 Bxe5 28. Rg1+ Bg3 29. Qg6+
 1-0

[Event "British Chess Championships 2023: AM Tournament U1900"]
[Site "The Venue, De Montfort University, 20 Western Boulevard, Leicester, LE2 7BU"]
[Date "2023.07.27"]
[Round "4"]
[Board "10"]
[White "Nargund, Sujan"]
[Black "Watson, Simon"]
[Result "0-1"]
[WhiteElo "1564"]
[BlackElo "1835"]
[PlyCount "0"]
[EventDate "2023.07.24"]
[EventRounds "6"]
[EventCountry "ENG"]

1. e4 d6 2. d4 Nf6 3. Nc3 g6 4. Nf3 Bg7 5. Be3 c6 6. Bc4 b5 7. Bd3 O-O 8. O-O Qc7
9. Qd2 Nbd7 10. Bh6 Nb6 11. Bxg7 Kxg7 12. Rae1 e5 13. dxe5 dxe5 14. Qg5 Re8 15. Ne2
h6 16. Qe3 Be6 17. Ng3 Nc4 18. Bxc4 Bxc4 19. Ne2 Qb6 20. Qxb6 axb6 21. b3 Bxe2 22.
Rxe2 Rxa2 23. Rd1 c5 24. h3 c4 25. bxc4 bxc4 26. Rb1 Nd7 27. Rd2 Ra7 28. Rb4 Rc7
29. Nh2 Ra8 30. Rb1 Rb8 31. Rd5 f6 32. Nf1 Nc5 33. f3 Na4 34. Rb4 Nc3 35. Rd6 b5
36. Ne3 h5 37. Kf2 Ra7 38. Ke1 Ra1+ 39. Kf2 Rb1 40. Rxb1 Nxb1 41. Nd5 b4 42. Rxf6
b3 43. cxb3 cxb3 44. Rc6 b2 45. Rc2 Na3 46. Rc7+ Kh6 47. Nc3 Rb3 48. g4 Rxc3 49.
Rxc3 b1=Q 50. Rxa3 Qb2+ 51. Kg3 Qxa3 52. h4 hxg4 53. Kxg4 Qe3 54. f4 Qxf4+ 55. Kh3
Qf3+ 56. Kh2 Kh5 57. Kg1 Kg4 58. Kh2 Qf2+ 59. Kh1 Kh3 60. h5 Qg2#  0-1

[Event "British Chess Championships 2023: AM Tournament U1900"]
[Site "The Venue, De Montfort University, 20 Western Boulevard, Leicester, LE2 7BU"]
[Date "2023.07.27"]
[Round "4"]
[Board "11"]
[White "Taylor, Robert P"]
[Black "Khan, Mohammed"]
[Result "0-1"]
[WhiteElo "1755"]
[BlackElo "1873"]
[PlyCount "0"]
[EventDate "2023.07.24"]
[EventRounds "6"]
[EventCountry "ENG"]

1. d4 d5 2. Nf3 Nf6 3. Bg5 e6 4. e3 Be7 5. Bd3 Nbd7 6. c3 b6 7. Nbd2 Bb7 8. h3 Ne4
9. Bxe7 Qxe7 10. Qe2 a6 11. c4 O-O 12. O-O f5 13. Rac1 Qd6 14. Rfd1 Rf6 15. cxd5
exd5 16. Rc2 c5 17. dxc5 Ndxc5 18. Rdc1 a5 19. Nb3 Raf8 20. Nbd4 f4 21. a3 a4 22.
Nb5 Qd7 23. Nc3 fxe3 24. Qxe3 Nxd3 25. Qxd3 Rxf3 26. gxf3 Ng5 27. Ne4 Rxf3 28. Qd4
Nxh3+ 29. Kf1 Nf4 30. Ng5 Ba6+ 31. Rc4 Bxc4+ 32. Rxc4 Qb5 33. Nxf3 Qxc4+ 34. Qxc4
dxc4 35. Ne5 b5 36. Nc6 Nd3 37. Nd4 b4 38. axb4 Nxb4 39. Ke2 Nd3 40. Nb5 Nxb2 41.
Na3 c3 42. Nc2 Kf7 43. Ke3 Kf6 44. Kd4 Kg5  0-1

[Event "British Chess Championships 2023: AM Tournament U1900"]
[Site "The Venue, De Montfort University, 20 Western Boulevard, Leicester, LE2 7BU"]
[Date "2023.07.27"]
[Round "4"]
[Board "12"]
[White "Clegg, Robert"]
[Black "Farrar, Gordon"]
[Result "1-0"]
[WhiteElo "1860"]
[BlackElo "1759"]
[PlyCount "0"]
[EventDate "2023.07.24"]
[EventRounds "6"]
[EventCountry "ENG"]

1. d4 d5 2. c4 Nc6 3. Nf3 Bg4 4. Nc3 e6 5. Bf4 Bd6 6. Bg3 Bxg3 7. hxg3 Nf6 8. e3
a6 9. Qb3 O-O 10. a3 Na5 11. Qb4 c5 12. dxc5 Bxf3 13. gxf3 Qc7 14. cxd5 exd5 15.
Qb6 Qxb6 16. cxb6 Nb3 17. Rd1 Rfd8 18. Bd3 g6 19. Rh4 Rd6 20. Rb4 Nc5 21. Bb1 a5
22. Rb5 Ncd7 23. Nxd5 Nxd5 24. e4 Rxb6 25. Rdxd5 Rc6 26. Rxd7 Rc1+ 27. Rd1  1-0

[Event "British Chess Championships 2023: AM Tournament U1900"]
[Site "The Venue, De Montfort University, 20 Western Boulevard, Leicester, LE2 7BU"]
[Date "2023.07.27"]
[Round "4"]
[Board "13"]
[White "Schmerwitz, Reinhard"]
[Black "Coleman, Frederick"]
[Result "1/2-1/2"]
[WhiteElo "1683"]
[BlackElo "1850"]
[PlyCount "0"]
[EventDate "2023.07.24"]
[EventRounds "6"]
[EventCountry "ENG"]

1. e4 c5 2. Nf3 Nc6 3. d4 cxd4 4. Nxd4 g6 5. Be3 Bg7 6. c4 d6 7. Be2 Nf6 8. Nc3 O-O
9. O-O Nxd4 10. Bxd4 Bd7 11. Qd2 Bc6 12. f3 a6 13. Rfd1 Re8 14. Rac1 Qa5 15. a3 Rac8
16. Kf1 Nh5 17. Bxg7 Nxg7 18. Nd5 Qxd2 19. Rxd2 Ne6 20. Rdd1 Ba4 21. Rd2 Nc5 22.
Bd1 Nb3 23. Bxb3 Bxb3 24. Rd4 b5 25. Nb6 Rc6 26. Rc3 e5 27. Rd2 bxc4 28. Nd5 Kg7
29. Nb4 Rb6 30. Nd5 Rc6 31. Nb4 Rb6 32. Nd5 Rc6 33. Ne3 Rb6 34. Nd5 Kg8  1/2-1/2

[Event "British Chess Championships 2023: AM Tournament U1900"]
[Site "The Venue, De Montfort University, 20 Western Boulevard, Leicester, LE2 7BU"]
[Date "2023.07.27"]
[Round "4"]
[Board "14"]
[White "Lawrence, Spencer"]
[Black "Mathur, Pranav"]
[Result "0-1"]
[WhiteElo "1849"]
[BlackElo "1662"]
[PlyCount "0"]
[EventDate "2023.07.24"]
[EventRounds "6"]
[EventCountry "ENG"]

1. c4 Nf6 2. g3 e6 3. Bg2 d5 4. d4 Be7 5. Nf3 O-O 6. O-O dxc4 7. Ne5 Nc6 8. Bxc6
bxc6 9. Nxc6 Qe8 10. Nxe7+ Qxe7 11. Qa4 e5 12. Qxc4 exd4 13. Qxd4 Qxe2 14. Nc3 Qh5
15. Ne4 Ng4 16. h4 Bb7 17. f3 Ne5 18. g4 Nc6 19. Qxg7+ Kxg7 20. gxh5 f5 21. Nc5 Bc8
22. Bf4 Rb8 23. Rf2 Rb4 24. Rg2+ Kf7 25. Nd3 Rd4 26. Ne5+ Nxe5 27. Bxe5 Rxh4 28.
Rg7+ Ke6 29. Re1 Kd5 30. Rxh7 Rg8+ 31. Kf2 f4 32. Bg7 Kc6 33. h6 Rd8 34. Rc1+ Kb5
35. Bc3 Bf5 36. Rxc7 Rd6 37. Rxa7 Bd3 38. Rg1 Rdxh6 39. Rg5+ Kc6 40. b4 Rh1 41. Rc5+
Kb6 42. Rg7 R6h2+  0-1

[Event "British Chess Championships 2023: AM Tournament U1900"]
[Site "The Venue, De Montfort University, 20 Western Boulevard, Leicester, LE2 7BU"]
[Date "2023.07.27"]
[Round "4"]
[Board "15"]
[White "Betts, Richard"]
[Black "Di Cicco, Louis"]
[Result "1/2-1/2"]
[WhiteElo "1831"]
[BlackElo "1677"]
[PlyCount "0"]
[EventDate "2023.07.24"]
[EventRounds "6"]
[EventCountry "ENG"]

1. d4 Nf6 2. c4 g6 3. Nc3 Bg7 4. e4 d6 5. Nf3 O-O 6. Be2 Nbd7 7. O-O e5 8. Be3 h6
9. Ne1 exd4 10. Bxd4 Re8 11. f3 Ne5 12. Rc1 c6 13. b3 Qe7 14. Nd3 Bd7 15. Nxe5 dxe5
16. Bf2 Nh5 17. c5 Nf4 18. Bc4 Rad8 19. Qe1 Qg5 20. Bg3 Qe7 21. Qe3 Ne6 22. Rfd1
Bf6 23. h4 Kh7 24. Bxe6 Bxe6 25. Qf2 h5 26. Nb1 Rxd1+ 27. Rxd1 Rd8 28. Rxd8 Qxd8
29. Qe1 Qd4+ 30. Bf2 Qb2 31. Nc3  1/2-1/2

[Event "British Chess Championships 2023: AM Tournament U1900"]
[Site "The Venue, De Montfort University, 20 Western Boulevard, Leicester, LE2 7BU"]
[Date "2023.07.27"]
[Round "4"]
[Board "16"]
[White "Shaddick, John"]
[Black "Livesey, R Nigel"]
[Result "1/2-1/2"]
[WhiteElo "1637"]
[BlackElo "1811"]
[PlyCount "0"]
[EventDate "2023.07.24"]
[EventRounds "6"]
[EventCountry "ENG"]

1. e4 c6 2. d4 d5 3. e5 h5 4. Bd3 g6 5. Ne2 Nh6 6. Nbc3 Bf5 7. Be3 e6 8. h3 Nd7 9.
Qd2 b5 10. Bg5 Qa5 11. O-O Qc7 12. Rfe1 Bxd3 13. Qxd3 Nf5 14. Nd1 Be7 15. Bxe7 Kxe7
16. Ne3 Rag8 17. a4 a6 18. axb5 axb5 19. Qa3+ Ke8 20. Qa8+ Ke7 21. Nxf5+ gxf5 22.
Qa3+ Ke8 23. Qa8+ Ke7 24. Qa3+ Ke8 25. c3 Qd6  1/2-1/2

[Event "British Chess Championships 2023: AM Tournament U1900"]
[Site "The Venue, De Montfort University, 20 Western Boulevard, Leicester, LE2 7BU"]
[Date "2023.07.27"]
[Round "4"]
[Board "17"]
[White "Veeturi, Yashvardhan"]
[Black "Colclough, Ryan"]
[Result "0-1"]
[WhiteElo "1361"]
[BlackElo "1795"]
[PlyCount "0"]
[EventDate "2023.07.24"]
[EventRounds "6"]
[EventCountry "ENG"]

1. e4 e5 2. Nf3 Nc6 3. d4 exd4 4. Nxd4 Nf6 5. Nxc6 bxc6 6. e5 Qe7 7. Qe2 Nd5 8. c4
Ba6 9. h4 f6 10. Qe4 Nb6 11. b3 d5 12. Qe3 Qxe5 13. c5 Qxe3+ 14. Bxe3 Bxf1 15. Kxf1
Nd7 16. Nd2 Bxc5 17. Bxc5 Nxc5 18. Rc1 Nd3 19. Rxc6 Kd7 20. Rc3 Ne5 21. f4 Ng4 22.
g3 Rhe8 23. Nf3 Re7 24. h5 Rae8 25. Rc1 Re2 26. Ne5+ R2xe5 27. fxe5 fxe5 28. Ke2
Kd6 29. Rh4 Nf6 30. Ra4 c6 31. Rxa7 Nxh5 32. Ra6 Rc8 33. Kf3 e4+ 34. Kg4 Nf6+ 35.
Kf5 d4 36. b4 e3 37. Rd1 Kd5 38. Rc1 d3 39. Ra3 Kd4 40. Rcc3 d2 41. Rd3+ Kc4 42.
Rdc3+ Kb5  0-1

[Event "British Chess Championships 2023: AM Tournament U1900"]
[Site "The Venue, De Montfort University, 20 Western Boulevard, Leicester, LE2 7BU"]
[Date "2023.07.27"]
[Round "4"]
[Board "18"]
[White "Willoughby, Christopher"]
[Black "Li, Xiaofan"]
[Result "1-0"]
[WhiteElo "1794"]
[BlackElo "1673"]
[PlyCount "0"]
[EventDate "2023.07.24"]
[EventRounds "6"]
[EventCountry "ENG"]

1. e4 c6 2. d4 d5 3. exd5 cxd5 4. Nf3 Nf6 5. Bf4 Nc6 6. c3 g6 7. Be2 Bg7 8. O-O O-O
9. Nbd2 Nh5 10. Be3 Re8 11. Re1 Qd6 12. Bf1 Nf6 13. Qc2 Bd7 14. g3 Bf5 15. Bd3 Bxd3
16. Qxd3 e6 17. Bf4 Qd8 18. Ne5 Nxe5 19. Bxe5 Rc8 20. c4 Ng4 21. Bxg7 Kxg7 22. c5
b6 23. b4 bxc5 24. bxc5 Qc7 25. h3 Nf6 26. Qe3 e5 27. dxe5 Nd7 28. Nb3 Qxe5 29. Qd2
Qh5 30. Re3 Rxe3 31. Qxe3 Qxh3 32. Rc1 Qf5 33. c6 Ne5 34. Nd4 Qh5 35. Qc3 f6 36.
Ne6+ Kf7 37. Nf4 Qf5 38. Qc5 Nxc6 39. Nxd5 Qd7 40. Qb5 Rd8 41. Rxc6 Qxd5 42. Rc7+
Ke6 43. Qa6+ Rd6 44. Qc8+  1-0

[Event "British Chess Championships 2023: AM Tournament U1900"]
[Site "The Venue, De Montfort University, 20 Western Boulevard, Leicester, LE2 7BU"]
[Date "2023.07.27"]
[Round "4"]
[Board "19"]
[White "Crompton, Robert"]
[Black "Peer, Musa"]
[Result "1/2-1/2"]
[WhiteElo "1662"]
[BlackElo "1791"]
[PlyCount "0"]
[EventDate "2023.07.24"]
[EventRounds "6"]
[EventCountry "ENG"]

1. e4 c5 2. Nf3 Nc6 3. d4 cxd4 4. Nxd4 Nf6 5. Nc3 d6 6. Bg5 e6 7. Qd2 Be7 8. f3 a6
9. O-O-O d5 10. exd5 Nxd5 11. Nxc6 bxc6 12. Bxe7 Qxe7 13. Bc4 O-O 14. Ne4 a5 15.
Rhe1 Ba6 16. Bxa6 Rxa6 17. Nc3 Qb4 18. Re4 Qb7 19. Nxd5 cxd5 20. Ra4 Rb8 21. b3 Qc7
22. Qd3 Rab6 23. g3 Rb4 24. Rxb4 axb4 25. Qd4 Qa5 26. Kd2 Rc8 27. Ra1 h6 28. f4 Qc7
29. Rc1 Qa5 30. Ra1 Rc3 31. a4 f6 32. Re1 Kf7 33. Re3 Rc6 34. c3  1/2-1/2

[Event "British Chess Championships 2023: AM Tournament U1900"]
[Site "The Venue, De Montfort University, 20 Western Boulevard, Leicester, LE2 7BU"]
[Date "2023.07.27"]
[Round "4"]
[Board "20"]
[White "Judd, Ian P"]
[Black "Morris, Nigel W"]
[Result "1-0"]
[WhiteElo "1780"]
[BlackElo "1596"]
[PlyCount "0"]
[EventDate "2023.07.24"]
[EventRounds "6"]
[EventCountry "ENG"]

1. c4 g6 2. Nc3 Bg7 3. g3 e5 4. Bg2 Nc6 5. Nf3 d6 6. O-O Nge7 7. d3 h6 8. Bd2 O-O
9. Rc1 Be6 10. e4 f5 11. Nd5 a5 12. a3 Rf7 13. b4 axb4 14. axb4 b6 15. Ra1 Bxd5 16.
cxd5 Nd4 17. Nxd4 exd4 18. b5 Rc8 19. Ra7 Qd7 20. Qb3 g5 21. f4 g4 22. h4 h5 23.
Re1 Ng6 24. Qc4 Bf6 25. exf5 Ne7 26. Be4 Nxf5 27. Kg2 Ne3+ 28. Bxe3 dxe3 29. Rxe3
Kg7 30. d4 Rh8 31. Qd3 Bd8 32. Ra1 Rf6 33. Rae1 Re8 34. Qc4 Rf7 35. Kf2 Rf6 36. Bc2
Rxe3 37. Rxe3 Qf7 38. f5 Kf8 39. Re6 Rxf5+ 40. Bxf5 Qxf5+ 41. Ke1 Qf3 42. Qf1 Qxf1+
43. Kxf1 Kg7 44. Ke2  1-0

[Event "British Chess Championships 2023: AM Tournament U1900"]
[Site "The Venue, De Montfort University, 20 Western Boulevard, Leicester, LE2 7BU"]
[Date "2023.07.27"]
[Round "4"]
[Board "21"]
[White "Smith, Andrew Pe"]
[Black "Kumar, Arnav"]
[Result "1/2-1/2"]
[WhiteElo "1761"]
[BlackElo "1649"]
[PlyCount "0"]
[EventDate "2023.07.24"]
[EventRounds "6"]
[EventCountry "ENG"]

1. e4 e5 2. Nf3 Nc6 3. Bc4 Bc5 4. b4 Bxb4 5. c3 Bc5 6. d4 exd4 7. O-O h6 8. cxd4
Bb6 9. Bb2 Nge7 10. Nbd2 O-O 11. d5 Nb8 12. e5 d6 13. exd6 cxd6 14. Ne4 Bf5 15. Ng3
Bg4 16. Re1 Nd7 17. Re4 f5 18. Re1 Ba5 19. Qd4 Rf7 20. Re6 Nf8 21. Rxh6 Bb6 22. Qc3
Ba5 23. Qd4 Bb6 24. Ng5 Bxd4 25. Rh8+ Kxh8 26. Nxf7+ Kg8 27. Nxd8 Bxb2  1/2-1/2

[Event "British Chess Championships 2023: AM Tournament U1900"]
[Site "The Venue, De Montfort University, 20 Western Boulevard, Leicester, LE2 7BU"]
[Date "2023.07.27"]
[Round "4"]
[Board "22"]
[White "Di-Vetta, Andrew"]
[Black "Yi, Louis"]
[Result "1-0"]
[WhiteElo "1776"]
[BlackElo "1443"]
[PlyCount "0"]
[EventDate "2023.07.24"]
[EventRounds "6"]
[EventCountry "ENG"]

1. d4 d5 2. c4 c6 3. Nf3 Nf6 4. cxd5 cxd5 5. Nc3 Nc6 6. g3 Bf5 7. Bg2 e6 8. O-O Bd6
9. Nh4 Bg6 10. Bg5 Be7 11. Nxg6 hxg6 12. h4 Ng4 13. Bxe7 Qxe7 14. e4 Nf6 15. exd5
Nd8 16. dxe6 Nxe6 17. d5 O-O-O 18. Qb3 Nc5 19. Qa3 Qc7 20. Nb5 Qb6 21. Rac1 Nfd7
22. b4 Qxb5 23. bxc5 Kb8 24. c6 Rde8 25. Qd6+ Ka8 26. Qxd7 Rb8 27. cxb7+ Rxb7 28.
Qxb5 Rxb5 29. d6+ Kb8 30. Rb1 Rxb1 31. Rxb1+ Kc8 32. Bh3+ f5 33. Rc1+ Kd7 34. Rc7+
Kxd6 35. Rxg7 Ke5 36. Rxg6 a5 37. Ra6 Ke4 38. Rxa5 f4 39. Ra4+ Kf3 40. Bg2+ Ke2 41.
Rxf4 Rb8 42. h5  1-0

[Event "British Chess Championships 2023: AM Tournament U1900"]
[Site "The Venue, De Montfort University, 20 Western Boulevard, Leicester, LE2 7BU"]
[Date "2023.07.27"]
[Round "4"]
[Board "23"]
[White "Mottram-Epson, Peter A"]
[Black "Smithson, Sean"]
[Result "1/2-1/2"]
[WhiteElo "1707"]
[BlackElo "1301"]
[PlyCount "0"]
[EventDate "2023.07.24"]
[EventRounds "6"]
[EventCountry "ENG"]

1. d4 Nf6 2. Bf4 d6 3. Nc3 g6 4. e4 Bg7 5. Be2 O-O 6. g4 e5 7. dxe5 dxe5 8. Bxe5
Qxd1+ 9. Rxd1 Nxg4 10. Bxc7 Nc6 11. h3 Nf6 12. e5 Ne8 13. Bd6 Nxd6 14. exd6 Bxc3+
15. bxc3 Rd8 16. f4 Bf5 17. Rd2 Rd7 18. c4 Rad8 19. c5 b6 20. Bg4 Bxg4 21. hxg4 bxc5
22. Rdh2 f6 23. f5 g5 24. Rh6 Rf7 25. Nf3 Rxd6 26. Nxg5 Re7+ 27. Ne6 Nd4 28. Rxf6
Nxe6 29. fxe6 Rdxe6+ 30. Rxe6 Rxe6+ 31. Kd2 Ra6 32. Ra1 Ra4 33. g5 Rg4 34. Rb1 Ra4
 1/2-1/2

[Event "British Chess Championships 2023: AM Tournament U1900"]
[Site "The Venue, De Montfort University, 20 Western Boulevard, Leicester, LE2 7BU"]
[Date "2023.07.27"]
[Round "4"]
[Board "24"]
[White "Kumar, Sachin"]
[Black "Rao, Shree"]
[Result "0-1"]
[WhiteElo "1613"]
[BlackElo "1599"]
[PlyCount "0"]
[EventDate "2023.07.24"]
[EventRounds "6"]
[EventCountry "ENG"]

1. e4 e6 2. d4 d5 3. exd5 exd5 4. Nf3 Bd6 5. Bd3 Ne7 6. c3 Bf5 7. Qc2 Bxd3 8. Qxd3
Nd7 9. Be3 O-O 10. O-O Nf6 11. h3 Qd7 12. Bg5 Ne4 13. Bxe7 Qxe7 14. Re1 f5 15. Nbd2
c6 16. Re2 Rae8 17. Rae1 Qf7 18. Qc2 Re7 19. Qb1 Rfe8 20. Qd1 Qf6 21. Nf1 g5 22.
Ne3 Rg7 23. Rc2 g4 24. hxg4 fxg4 25. Ne5 h5 26. f3 gxf3 27. Nxf3 Rf8 28. Rf1 Qf4
29. Qe1 Ng5 30. Ne5 Qe4 31. Rxf8+ Kxf8 32. Qf2+ Kg8 33. Kh1 Bxe5 34. dxe5 Qxe5 35.
Nf5 Ne4 36. Qf3 Ng3+ 37. Nxg3 Qxg3 38. Qxg3 Rxg3 39. Kh2 Rg4 40. Rd2 Kf7 41. g3 b6
42. Kg2 Ke6 43. Kf3 Re4 44. Rd1 Kf5 45. Rh1 Kg5 46. Rd1 a5 47. a3 Rc4 48. Rd2 Kf5
49. Rh2 Kg5 50. Re2 Re4 51. Rd2 b5 52. Rc2 Kf5 53. Rh2 Kg6 54. Rc2 Kg5 55. Rc1 Kf5
56. Rh1 Kg5 57. Rc1 Rg4 58. Rc2 Kf5 59. Rh2 Kg5 60. Rc2 h4 61. gxh4+ Rxh4 62. Rg2+
Kf5 63. Re2 Re4 64. Rh2 Rf4+ 65. Ke3 Re4+ 66. Kf3 Ke6 67. Rh6+ Kd7 68. Rh7+ Re7 69.
Rh2 Kd6 70. Rh6+ Kc5 71. Rh4 Rf7+ 72. Ke3 Re7+ 73. Kf3 Re4 74. Rh2 b4 75. axb4+ axb4
76. Rc2 bxc3 77. Rxc3+ Rc4 78. Rb3 Rb4 79. Rc3+ Kb5 80. Rc2 c5 81. Ke3 Rb3+ 82. Kd2
c4 83. Kc1 d4 84. Rh2 c3 85. bxc3 Rxc3+ 86. Kd1 Kc4 87. Rh4 Kd3 88. Rh3+ Kc4 89.
Rxc3+ Kxc3 90. Kc1 d3 91. Kd1 d2  0-1

[Event "British Chess Championships 2023: AM Tournament U1900"]
[Site "The Venue, De Montfort University, 20 Western Boulevard, Leicester, LE2 7BU"]
[Date "2023.07.27"]
[Round "4"]
[Board "25"]
[White "Hollyman, Mike"]
[Black "Morris, Simon"]
[Result "0-1"]
[WhiteElo "1555"]
[BlackElo "1604"]
[PlyCount "0"]
[EventDate "2023.07.24"]
[EventRounds "6"]
[EventCountry "ENG"]

1. c4 c6 2. e4 d5 3. cxd5 cxd5 4. exd5 Nf6 5. d4 Nxd5 6. Nf3 g6 7. Bc4 Bg7 8. Qb3
e6 9. O-O Nc6 10. Bxd5 Qxd5 11. Qxd5 exd5 12. Re1+ Be6 13. Be3 Kd7 14. a3 Rac8 15.
Nc3 Na5 16. Ng5 Nb3 17. Nxe6 Nxa1 18. Nc5+ Rxc5 19. dxc5 Nc2 20. Re2 Nxe3 21. Rxe3
d4 22. Rd3 Kc6 23. Ne4 Re8 24. f3 f5 25. Nd6 Re3 26. Rd2 Rb3 27. Nc4 Kb5 28. Rc2
d3 29. Nd6+ Kc6 30. Rd2 Bxb2 31. Nc4 Bd4+  0-1

[Event "British Chess Championships 2023: AM Tournament U1900"]
[Site "The Venue, De Montfort University, 20 Western Boulevard, Leicester, LE2 7BU"]
[Date "2023.07.27"]
[Round "4"]
[Board "26"]
[White "Mckenna, Joshua"]
[Black "Matthew, Ian G"]
[Result "1-0"]
[WhiteElo "1600"]
[BlackElo "1745"]
[PlyCount "0"]
[EventDate "2023.07.24"]
[EventRounds "6"]
[EventCountry "ENG"]

1. e4 c5 2. c3 Nf6 3. e5 Nd5 4. Nf3 Nc6 5. Bc4 Nb6 6. Bb3 c4 7. Bc2 Qc7 8. O-O Nxe5
9. Nxe5 Qxe5 10. Re1 Qc7 11. a4 e6 12. Na3 a6 13. Qh5 g6 14. Qh4 Bg7 15. a5 Nd5 16.
Nxc4 Qf4 17. Qxf4 Nxf4 18. Nd6+ Ke7 19. Nxc8+ Rhxc8 20. d4 Nh5 21. Be4 Rab8 22. Bg5+
f6 23. Be3 f5 24. Bg5+ Kf7 25. Bd3 h6 26. Be3 f4 27. Bd2 g5 28. g3 f3 29. h3 Rf8
30. Re3 Kg8 31. Be4 d5 32. Bxf3 Nf6 33. Rxe6 Rbe8 34. Rae1 Rxe6 35. Rxe6 Ne8 36.
Kg2  1-0